| 000 | 00497cam a2200169u 4500 | ||
|---|---|---|---|
| 040 | _cCarP | ||
| 082 | _a621 WIL 1901 A109 Or. | ||
| 100 | 1 | _aSmith, Oberlin, | |
| 245 | 1 | 0 | _aPress-working of metals. |
| 250 | _a1st ed. | ||
| 260 |
_aNew York, _bJ. Wiley & sons; _aLondon, _bChapman & Hall, limited, _c1901. |
||
| 300 |
_a276 p. _bfront., illus. _c23 cm. |
||
| 650 | 0 | _aSheet-metal work. | |
| 650 | 0 | _aDies (Metal-working) | |
| 856 | 4 | 1 | _uhttp://hdl.loc.gov/loc.gdc/scd0001.00033207621 |
| 942 | _cEK | ||
| 999 |
_c16995 _d16995 |
||